000 00465nam a2200169Ia 4500
999 _c161
_d161
003 OSt
005 20210826142451.0
008 190216s9999||||xx |||||||||||||| ||und||
040 _coclc
082 _a492.7
_bDER/S
100 _aDerassy, M O
_98701
245 0 _aSharahul Khulasathul Al Alfiyyah /
_cM O Derassy
260 _bAl Hind Book Stall,
_aTirur:
300 _a171p
650 _aArabic
942 _cBK
_2ddc
_h492.7
_iDER/S
_k492.7
_mDER/S